[Event "LTU-chT"]
[Site "Lithuania"]
[Date "2018.03.24"]
[Round "3.3"]
[White "Isakov, Aleksandr"]
[Black "Jaskunaite, Auguste"]
[Result "0-1"]
[WhiteElo "1930"]
[BlackElo "1135"]
[PlyCount "66"]
[EventDate "2018.01.27"]
[EventType "team-swiss"]
[EventRounds "7"]
[EventCountry "LTU"]
[SourceTitle "EXT 2019"]
[Source "ChessBase"]
[SourceDate "2018.10.10"]
[SourceVersion "1"]
[SourceVersionDate "2018.10.10"]
[SourceQuality "1"]
[WhiteTeam "Vilnius Pasaku"]
[BlackTeam "Marijampole Suduvos Ateitis"]
[WhiteTeamCountry "LTU"]
[BlackTeamCountry "LTU"]

1. d4 d5 2. Nf3 Nf6 3. c4 c6 4. cxd5 cxd5 5. Nc3 Nc6 6. e3 Bf5 7. Bd3 Bg6 8. 0-0 e6 9. Bb5 Bd6 10. Ne5 Qc7 11. f4 Bxe5 12. fxe5 Ne4 13. Nxe4 Bxe4 14. Bd2 0-0 15. Rc1 Rac8 16. Bxc6 bxc6 17. Bb4 Rfe8 18. Bd6 Qb7 19. b4 Qb5 20. Rc3 a6 21. a4 Qb7 22. a5 Red8 23. Bc5 Rd7 24. Qd2 Rb8 25. Rfc1 f6 26. g3 fxe5 27. dxe5 Rf7 28. Bd6 Rc8 29. Rc5 Rf3 30. Qc3 Qa7 31. Qd4 Qb7 32. R1c3 Qf7 33. Rc1 Rf2 0-1

[Event "LTU-ch"]
[Site "Nemencine"]
[Date "2010.04.25"]
[Round "1"]
[White "Butnorius, Algimantas"]
[Black "Isakov, Aleksandr"]
[Result "1-0"]
[WhiteElo "2437"]
[BlackElo "1884"]
[PlyCount "91"]
[EventDate "2010.04.25"]
[EventType "swiss"]
[EventRounds "9"]
[EventCountry "LTU"]
[SourceTitle "CBM 136 Extra"]
[Source "ChessBase"]
[SourceDate "2010.07.02"]
[SourceVersion "2"]
[SourceVersionDate "2010.07.15"]
[SourceQuality "1"]

1. d4 Nf6 2. Nf3 e6 3. c4 d5 4. Nc3 Be7 5. Bg5 Nbd7 6. e3 0-0 7. Rc1 a6 8. cxd5 exd5 9. Bd3 c6 10. Qc2 Re8 11. 0-0 Nf8 12. h3 Nh5 13. Bxe7 Qxe7 14. Rb1 g6 15. b4 Ng7 16. a4 Bf5 17. b5 axb5 18. axb5 Bxd3 19. Qxd3 Nfe6 20. bxc6 bxc6 21. Ne5 Rec8 22. Rb6 Nd8 23. Rfb1 Nf5 24. Qc2 f6 25. Nf3 Nd6 26. Nd2 Ra7 27. Qb3 Rca8 28. Qb4 Nc8 29. Qxe7 Nxe7 30. Nf3 Ra1 31. g4 Rxb1+ 32. Rxb1 h6 33. Ne2 Kf7 34. Nf4 Ne6 35. Nxe6 Kxe6 36. Rb7 Rc8 37. Kg2 Ra8 38. h4 g5 39. h5 Rf8 40. Ne1 f5 41. Nd3 fxg4 42. Nc5+ Kf7 43. Nd7 Rh8 44. Ne5+ Ke6 45. Rxe7+ Kxe7 46. Ng6+ 1-0